Guess 100 Manchester United footballers by image - Statistics

General Stats
  • This quiz has been taken 619 times
  • The average score is 81 of 100
Answer Stats
Picture Answer % Correct
Cristiano Ronaldo
97%
Marcus Rashford
97%
Romelu Lukaku
97%
Zlatan Ibrahimović
97%
Ángel Di Maria
96%
Bruno Fernandes
96%
David Beckham
96%
David de Gea
96%
Edinson Cavani
96%
Éric Cantona
96%
Harry Maguire
96%
Paul Pogba
96%
Wayne Rooney
96%
Christian Eriksen
95%
Rio Ferdinand
95%
Antony
94%
Casemiro
94%
Edwin van der Sar
94%
Paul Scholes
94%
Robin van Persie
94%
Alexis Sánchez
93%
Juan Mata
93%
Peter Schmeichel
93%
Raphaël Varane
93%
Carlos Tévez
92%
Gerard Piqué
92%
Jadon Sancho
92%
Patrice Evra
92%
Ryan Giggs
92%
Alejandro Garnacho
91%
Luke Shaw
91%
Marouane Fellaini
91%
Park Ji-sung
91%
Bobby Charlton
90%
Gary Neville
90%
Javier Hernandez/Chicharito
90%
Roy Keane
90%
Anthony Martial
89%
Chris Smalling
89%
George Best
89%
Jaap Stam
89%
Ashley Young
88%
Dimitar Berbatov
88%
Jesse Lingard
88%
Nani
88%
Nemanja Vidic
88%
Aaron Wan-Bissaka
87%
Bastian Schweinsteiger
87%
Mason Greenwood
87%
Ruud van Nistelrooy
87%
Scott McTominay
87%
Fred
86%
Lisandro Martínez
86%
Ole Gunnar Solskjaer
86%
Victor Lindelof
86%
Marcel Sabitzer
85%
Nemanja Matic
85%
Daley Blind
84%
Diogo Dalot
83%
Juan Sebastián Verón
83%
Phil Jones
83%
Radamel Falcao
83%
Diego Forlán
82%
Michael Carrick
82%
Michael Owen
82%
Sergio Romero
81%
Danny Welbeck
80%
Memphis Depay
80%
Shinji Kagawa
80%
Ander Herrera
79%
Donny van de Beek
79%
Henrikh Mkhitaryan
79%
Antonio Valencia
78%
Eric Bailly
78%
Fabien Barthez
76%
Andy Cole
74%
Dean Henderson
74%
Marcos Rojo
74%
Wout Weghorst
74%
Alex Telles
73%
Anderson
72%
Anthony Elanga
72%
Dwight Yorke
72%
Rafael
72%
Andreas Pereira
68%
Matteo Darmian
67%
Phil Neville
66%
Laurent Blanc
62%
Wes Brown
60%
Darren Fletcher
59%
John O'Shea
57%
Owen Hargreaves
57%
Teddy Sheringham
55%
Gabriel Heinze
51%
Denis Irwin
45%
Denis Law
45%
Mikael Silvestre
45%
Bryan Robson
41%
Duncan Edwards
24%
Nobby Stiles
21%
No matching quizzes found
Score Distribution
Percent of People with Each Score
Percentile by Number Answered
Your Score History
You have not taken this quiz